Catalog

Record Details

Catalog Search



The inn  Cover Image Book Book

The inn / James Patterson and Candice Fox.

Patterson, James, 1947- (author.). Fox, Candice, (author.).

Summary:

The Inn at Gloucester stands alone on the rocky New England shoreline. Its seclusion suits former Boston police detective Bill Robinson, novice owner and innkeeper. As long as the dozen residents pay their rent, Robinson doesn’t ask any questions. Yet all too soon Robinson discovers that leaving the city is no escape from dangers he left behind. A new crew of deadly criminals move into the small town, bringing drugs and violence to the front door of the inn. Robinson feels the weight of responsibility on his shoulders. His sense of duty compels him to fight off the threat to his town. But he can’t do it alone. Before time runs out, the residents of the inn will face a choice.

Record details

  • ISBN: 9780316527583
  • ISBN: 0316527580
  • Physical Description: 363, 12 pages ; 25 cm
  • Edition: First edition.
  • Publisher: New York : Little, Brown and Company, 2019.
Subject: Drugs > Fiction.
Ex-police officers > Fiction.
Hotelkeepers > Fiction.
Sheriffs > Fiction.
Gloucester (Mass.) > Fiction.
Genre: Detective and mystery fiction.
Thrillers (Fiction)
Psychological fiction.
Novels.

LDR 01824nam a2200445Ii 4500
001152047
003SBPL
00520190802125413.0
008190718s2019 nyu e 000 f eng d
010 . ‡a 2018966408
020 . ‡a9780316527583 ‡q(hardcover)
020 . ‡a0316527580 ‡q(hardcover)
035 . ‡a(CONS)152047
035 . ‡a(CPomAG)LMN613593
05014. ‡aPS3566.A822 ‡bI66 2019
08204. ‡a813/.54 ‡223
1001 . ‡aPatterson, James, ‡d1947- ‡eauthor.
24514. ‡aThe inn / ‡cJames Patterson and Candice Fox.
250 . ‡aFirst edition.
264 1. ‡aNew York : ‡bLittle, Brown and Company, ‡c2019.
300 . ‡a363, 12 pages ; ‡c25 cm
336 . ‡atext ‡btxt ‡2rdacontent
337 . ‡aunmediated ‡bn ‡2rdamedia
338 . ‡avolume ‡bnc ‡2rdacarrier
520 . ‡aThe Inn at Gloucester stands alone on the rocky New England shoreline. Its seclusion suits former Boston police detective Bill Robinson, novice owner and innkeeper. As long as the dozen residents pay their rent, Robinson doesn’t ask any questions. Yet all too soon Robinson discovers that leaving the city is no escape from dangers he left behind. A new crew of deadly criminals move into the small town, bringing drugs and violence to the front door of the inn. Robinson feels the weight of responsibility on his shoulders. His sense of duty compels him to fight off the threat to his town. But he can’t do it alone. Before time runs out, the residents of the inn will face a choice.
650 0. ‡aDrugs ‡vFiction.
650 0. ‡aEx-police officers ‡vFiction.
650 0. ‡aHotelkeepers ‡vFiction.
650 0. ‡aSheriffs ‡vFiction.
651 0. ‡aGloucester (Mass.) ‡vFiction.
655 7. ‡aDetective and mystery fiction. ‡2lcgft
655 7. ‡aThrillers (Fiction) ‡2lcgft
655 7. ‡aPsychological fiction. ‡2lcgft
655 7. ‡aNovels. ‡2lcgft
7001 . ‡aFox, Candice, ‡eauthor.
901 . ‡a152047 ‡bUnknown ‡c152047 ‡tbiblio

Additional Resources